|
|
|
|
| LEADER |
01050nam a22002537a 4500 |
| 001 |
30353 |
| 003 |
BD-DhAAL |
| 005 |
20151104020002.0 |
| 008 |
151103s1995 bg ||||| |||| 00| 0 eng d |
| 020 |
|
|
|a 9211007135
|
| 020 |
|
|
|a 9211007119
|
| 020 |
|
|
|a 9211007127
|
| 040 |
|
|
|a BD-DhAAL
|c BD-DhAAL
|
| 082 |
|
|
|2 22
|a 341.484
|
| 245 |
|
|
|a Collection of international instruments and other legal texts concerning refugees and displaced persons, volume I (part I) :
|b universal instruments /
|c Editor Jean-Pierre Colombey
|
| 260 |
|
|
|a Dhaka :
|b Division of International Protection of the Office of the United Nations High Commissioner for Refugees,
|c 1995
|
| 300 |
|
|
|a xvii, 298 p. :
|b 30 cm.
|
| 541 |
|
|
|e 30353
|
| 650 |
|
|
|a Refugees
|x Legal status, laws, etc.
|9 15965
|
| 700 |
|
|
|a Colombey, Jean-Pierre
|9 15966
|
| 852 |
|
|
|a Ayesha Abed Library
|
| 942 |
|
|
|2 ddc
|c BK
|0 1
|
| 999 |
|
|
|c 36028
|d 36028
|
| 952 |
|
|
|0 0
|1 0
|2 ddc
|4 0
|6 341_484000000000000_COL
|7 0
|9 56605
|a BRACUL
|b BRACUL
|c BRS
|d 2015-11-03
|l 1
|o 341.484 COL
|p 3010030353
|r 2015-11-26
|s 2015-11-03
|t 1
|w 2015-11-03
|y BK
|